Autostrada Euganea A13 - Statistics

Statistiche generali
  • Questo quiz è stato fatto 17 volte
  • Il punteggio medio è 5 su 14
Statistiche sulle risposte
Provincia Casello % Corretto
BO Bologna
91%
FE Ferrara Nord
64%
FE Ferrara Sud
64%
RO Occhiobello
45%
PD Padova Sud
45%
BO Altedo
36%
BO Bologna Interporto
36%
PD Monselice
36%
BO Bologna Arcoveggio
27%
PD Padova Nord
27%
RO Villamarzana
18%
RO Rovigo Centro
9%
PD Boara Pisani - Rovigo Nord
0%
PD Terme Eugnee
0%
Nessun quiz corrispondente trovato
Distribuzione punteggi
Percentuale di utenti per punteggio
Percentile per numero di risposta
I tuoi punteggi nel tempo
Non hai fatto questo quiz